000 00884nam a22002417a 4500
999 _c17958
_d17958
003 OSt
005 20231027135314.0
008 230207b ||||| |||| 00| 0 eng d
040 _c0
082 _aDPer 510.5 Am351 October - December 2021 v143 no. 5-6
100 _aGuo, Shaoming.
_eauthor.
_947846
245 _aA short proof of l² decoupling for the moment curve /
_cShaoming Guo, Zane Kun Li, Po-Lam Yung, and Pavel Zorin-Kranich
260 _aBaltimore, Maryland U.S.,
_bJohns Hopkins University Press,
_cDecember 2021.
300 _avolume 143, pages 1983-1998.
650 _aMathematics.
_947847
650 _aFunctions.
_947848
650 _aAlgebra.
_947849
700 _aGuo, Shaoming.
_eauthor.
_947846
700 _aLi, Zane Kun.
_eauthor.
_947850
700 _aYung, Po-Lam.
_eauthor,
_947851
700 _aZorin-Kranich, Pavel.
_eauthor.
_947852
942 _2ddc
_cPER